[Event "RUS-ch (Women) 65th"]
[Site "Chita"]
[Date "2015.08.20"]
[Round "11"]
[White "Kovalevskaya, Ekaterina"]
[Black "Kosteniuk, Alexandra"]
[Result "1-0"]
[WhiteElo "2453"]
[BlackElo "2526"]
[Annotator "Sagar Shah"]
[PlyCount "79"]
[EventDate "2015.08.09"]
[EventType "tourn"]
[EventRounds "11"]
[EventCountry "RUS"]
[EventCategory "9"]
[SourceTitle "EXT 2016"]
[Source "ChessBase"]
[SourceDate "2015.10.08"]
[SourceVersion "1"]
[SourceVersionDate "2015.10.08"]
[SourceQuality "1"]

{Kosteniuk had a theoretical chance to fight for the title as she was only
half a point behind Goryachkina. It was natural that she came with aggressive
intentions to win the game.} 1. e4 e5 2. Nf3 Nc6 3. Nc3 Nf6 4. d4 Bb4 $5 {
The second most popular move and Kosteniuk hopes that her opponent must not be
as thoroughly prepared in this line as the main one with exd4.} (4... exd4 5.
Nxd4 Bb4 {Takes us to the absolute main line of the four knights.}) 5. Nxe5 {
Kosteniuk's little tricked worked as Kovalevskaya took 14 minutes to make her
move.} O-O $5 6. Bd3 (6. Qd3 {is the more ambitious approach.} Re8 7. Nxc6 bxc6
8. f3 d5 9. e5 c5 {with interesting play.}) 6... Nxd4 7. Be3 Ne6 8. O-O d6 9.
Nc4 Bxc3 10. bxc3 {This is just the kind of position Kosteniuk must be looking
for at the start of the game. She has equalised and there are also some
imbalances on the board.} Nc5 (10... b6 {With the idea of Bb7 and Nc5 was much
more solid.}) 11. e5 Ng4 $2 (11... Nfe4 {was relativelt better.}) 12. Bxc5 $1 {
The knight on g4 is stranded now.} dxc5 13. h3 Nh6 14. Qh5 {White has a clear
advantage. It is surprising how in a matter of four moves a completely equal
position turned into a very bad one for Alexandra.} Qe8 {Preparing the typical
defensive idea with f5.} 15. Qg5 (15. f4 f5 16. Qf3 $16 {was also good. the
bishop on c8 cannot develop because of the pressure on b7.}) 15... Be6 16. Nd2
Qd8 17. Qh5 Bf5 18. Ne4 $6 (18. Bxf5 $5 Qxd2 (18... Nxf5 19. Ne4 $1 $16) 19.
Be4 Qxc3 20. Bxb7 $16) 18... Bg6 (18... c4 $2 19. Nf6+ $1 gxf6 20. Bxf5 $16)
19. Qf3 Qe7 20. Qf4 Rfe8 {Thanks to some inaccuracies by White, Black is back
into the game.} 21. Rae1 Rad8 (21... Qxe5 22. Qxe5 Rxe5 23. f4 Re6 24. Nxc5 Rc6
25. Nxb7 Bxd3 26. cxd3 Rxc3 $11) 22. Nf6+ $5 gxf6 23. Qxh6 Qf8 (23... fxe5 24.
f4 c4 $1 (24... e4 $2 25. f5 $18) 25. Rxe5 Qd6 26. Bxg6 (26. Bxc4 $2 Rxe5 27.
fxe5 Qc5+ $19) 26... hxg6 27. Rg5 {The position looks dangerous for Black but
he can equalise with the accurate} Qd2 $1 28. Rxg6+ (28. f5 $2 Re1 $1 $17 (
28... Re2 29. Qh4 $18)) 28... fxg6 29. Qxg6+ $11) 24. Qxf8+ Kxf8 25. exf6 Re6
$2 (25... Rd6 $1 {was the right way to equalise.} 26. Rxe8+ Kxe8 27. Re1+ Kd8
28. Bxg6 hxg6 $11 {The endgame is round about equal.}) 26. Rxe6 fxe6 27. Bxg6
hxg6 28. g4 $1 {Of course the f6 pawn has to be defended.} Rd2 29. g5 Rxc2 30.
Rd1 Ke8 31. Re1 (31. h4 $1 {would have ensured a quick finish.} Rxc3 32. h5 $1
Rc4 33. hxg6 Rd4 34. Re1 Rd6 35. Re4 $18) 31... Kf7 32. Rd1 Ke8 (32... Rxc3 33.
Rd7+ Ke8 34. Re7+ Kf8 35. Kg2 $1 $18 (35. h4 $6 Rc4 $1 $14)) 33. h4 $1 {
Kovalevskaya finds the right plan and finishes off the game.} Rxc3 34. h5 c4
35. hxg6 Rd3 36. Re1 c3 37. g7 Kf7 38. g6+ Kg8 39. Rxe6 Rd8 40. Re8+ {This
loss proved to be costly for Kosteniuk as she had to settle for the third spot.
} 1-0

[Event "BL 1516 (Women)"]
[Site "Germany"]
[Date "2015.09.26"]
[Round "1.1"]
[White "Kopylov, Luba"]
[Black "Kosteniuk, Alexandra"]
[Result "0-1"]
[WhiteElo "2156"]
[BlackElo "2530"]
[PlyCount "50"]
[EventDate "2015.09.26"]
[EventType "team-tourn"]
[EventRounds "11"]
[EventCountry "GER"]
[SourceTitle "CBM 168 Extra"]
[Source "ChessBase"]
[SourceDate "2015.10.29"]
[SourceVersion "1"]
[SourceVersionDate "2015.10.29"]
[SourceQuality "1"]
[WhiteTeam "Kiel Doppelbauer (W)"]
[BlackTeam "Baden-Baden (W)"]
[WhiteTeamCountry "GER"]
[BlackTeamCountry "GER"]

1. d4 Nf6 2. c4 e6 3. Nf3 Nc6 4. g3 d5 5. Bg2 dxc4 6. Qa4 Bb4+ 7. Bd2 Bd6 8.
Bg5 O-O 9. Qxc4 e5 10. dxe5 Nxe5 11. Nxe5 Bxe5 12. Nc3 c6 13. O-O Be6 14. Qc5
Bd4 15. Qa3 Qb6 16. Nd1 Bc4 17. Bf3 Nd5 18. Rc1 Qb5 19. Bxd5 cxd5 20. Re1 Bc5
21. Qf3 d4 22. a4 Qb4 23. Rf1 b6 24. b3 Qxb3 25. Qh5 Rfe8 0-1

[Event "BL 1516 (Women)"]
[Site "Germany"]
[Date "2015.09.27"]
[Round "2.1"]
[White "Kosteniuk, Alexandra"]
[Black "Socko, Monika"]
[Result "0-1"]
[WhiteElo "2530"]
[BlackElo "2456"]
[PlyCount "80"]
[EventDate "2015.09.26"]
[EventType "team-tourn"]
[EventRounds "11"]
[EventCountry "GER"]
[SourceTitle "CBM 168 Extra"]
[Source "ChessBase"]
[SourceDate "2015.10.29"]
[SourceVersion "1"]
[SourceVersionDate "2015.10.29"]
[SourceQuality "1"]
[WhiteTeam "Baden-Baden (W)"]
[BlackTeam "Hamburger SK (W)"]
[WhiteTeamCountry "GER"]
[BlackTeamCountry "GER"]

1. e4 c5 2. Nf3 Nc6 3. Bb5 e6 4. Bxc6 bxc6 5. b3 Ne7 6. e5 Ng6 7. h4 h5 8. Nc3
f6 9. Qe2 fxe5 10. Nxe5 Qf6 11. Nxg6 Qxg6 12. Ba3 Qxc2 13. O-O Qf5 14. Ne4 Be7
15. Rac1 d6 16. Ng5 Bxg5 17. hxg5 h4 18. Rc3 Qxg5 19. Qe4 Bd7 20. d4 O-O 21.
dxc5 d5 22. f4 dxe4 23. fxg5 Rxf1+ 24. Kxf1 Rf8+ 25. Kg1 Rf5 26. Bc1 Bc8 27. b4
Rd5 28. Kf2 Rd4 29. Bf4 Rxb4 30. g6 Rb2+ 31. Ke3 e5 32. Bxe5 Be6 33. Rc1 Rxg2
34. Rb1 Rxg6 35. Rb8+ Kh7 36. a4 Rg2 37. Rb2 Rxb2 38. Bxb2 Bd5 39. Kf4 g5+ 40.
Kg4 Be6+ 0-1

[Event "BL 1516 (Women)"]
[Site "Germany"]
[Date "2016.01.23"]
[Round "6.1"]
[White "Kosteniuk, Alexandra"]
[Black "Nobis, Martina"]
[Result "1-0"]
[WhiteElo "2530"]
[BlackElo "1919"]
[PlyCount "67"]
[EventDate "2015.09.26"]
[EventType "team-tourn"]
[EventRounds "11"]
[EventCountry "GER"]
[SourceTitle "EXT 2017"]
[Source "ChessBase"]
[SourceDate "2016.10.25"]
[SourceVersion "1"]
[SourceVersionDate "2016.10.25"]
[SourceQuality "1"]
[WhiteTeam "Baden-Baden (W)"]
[BlackTeam "Niederwiesa (W)"]
[WhiteTeamCountry "GER"]
[BlackTeamCountry "GER"]

1. e4 d6 2. d4 Nf6 3. Nc3 g6 4. Be3 Bg7 5. Qd2 Ng4 6. Bg5 h6 7. Bh4 g5 8. Bg3
e5 9. Nf3 Nc6 10. d5 Ne7 11. h4 Ng6 12. hxg5 Bd7 13. Be2 Qe7 14. Nb5 Qd8 15.
Qc3 Kf8 16. Nh4 Nf4 17. Bxg4 Bxb5 18. g6 fxg6 19. Bxf4 exf4 20. Nxg6+ Kg8 21.
Qb3 Qe8 22. Be6+ Kh7 23. Bf5 Kg8 24. Be6+ Kh7 25. Nxh8 Kxh8 26. O-O-O Ba4 27.
Qc4 Bd7 28. e5 dxe5 29. Qxc7 Bxe6 30. dxe6 Qxe6 31. Rd6 Qxa2 32. Rdxh6+ Kg8 33.
Rg6 Qf7 34. Rh8+ 1-0

[Event "BL 1516 (Women)"]
[Site "Germany"]
[Date "2016.01.24"]
[Round "7.1"]
[White "Majdan, Joanna"]
[Black "Kosteniuk, Alexandra"]
[Result "0-1"]
[WhiteElo "2391"]
[BlackElo "2530"]
[PlyCount "104"]
[EventDate "2015.09.26"]
[EventType "team-tourn"]
[EventRounds "11"]
[EventCountry "GER"]
[SourceTitle "EXT 2017"]
[Source "ChessBase"]
[SourceDate "2016.10.25"]
[SourceVersion "1"]
[SourceVersionDate "2016.10.25"]
[SourceQuality "1"]
[WhiteTeam "Rodewisch (W)"]
[BlackTeam "Baden-Baden (W)"]
[WhiteTeamCountry "GER"]
[BlackTeamCountry "GER"]

1. e4 e5 2. Nf3 Nc6 3. Bb5 a6 4. Ba4 Nf6 5. O-O Be7 6. Re1 b5 7. Bb3 d6 8. c3
O-O 9. h3 h6 10. d4 Re8 11. Nbd2 Bf8 12. a3 Bb7 13. Ba2 Nb8 14. Qb3 Qd7 15. Qc2
Nh5 16. Nf1 Qe7 17. dxe5 dxe5 18. Ne3 Nd7 19. Nd5 Qd8 20. Rd1 Qc8 21. c4 c6 22.
Ne3 Ndf6 23. c5 Qc7 24. b4 Bc8 25. Bb2 Nf4 26. Rd2 a5 27. Bc3 Ng6 28. Nf5 Bxf5
29. exf5 Nf4 30. Re1 e4 31. Nh2 N6d5 32. Bxd5 Nxd5 33. Rde2 axb4 34. Bxb4 e3
35. fxe3 Ra4 36. Qb1 Qa7 37. Rc1 Rxe3 38. Rxe3 Nxe3 39. f6 g6 40. Qe4 Nd5 41.
Ng4 Qd7 42. Qd4 Qe6 43. Qd2 Nxb4 44. axb4 Ra2 45. Qf4 h5 46. Ne5 Re2 47. Nf3
Re4 48. Qg5 Kh7 49. Rd1 Bh6 50. h4 Rg4 51. Qe5 Be3+ 52. Kf1 Qc4+ 0-1

[Event "BL 1516 (Women)"]
[Site "Germany"]
[Date "2016.03.19"]
[Round "10.1"]
[White "Kosteniuk, Alexandra"]
[Black "Lubbe, Melanie"]
[Result "1-0"]
[WhiteElo "2530"]
[BlackElo "2308"]
[PlyCount "69"]
[EventDate "2015.09.26"]
[EventType "team-tourn"]
[EventRounds "11"]
[EventCountry "GER"]
[SourceTitle "EXT 2017"]
[Source "ChessBase"]
[SourceDate "2016.10.25"]
[SourceVersion "1"]
[SourceVersionDate "2016.10.25"]
[SourceQuality "1"]
[WhiteTeam "Baden-Baden (W)"]
[BlackTeam "Friedberg (W)"]
[WhiteTeamCountry "GER"]
[BlackTeamCountry "GER"]

1. e4 c5 2. Nf3 d6 3. d4 cxd4 4. Nxd4 Nf6 5. Nc3 Nc6 6. Bg5 e6 7. Qd2 Qb6 8.
Bxf6 gxf6 9. Nb3 Bd7 10. Be2 a6 11. f4 Be7 12. O-O-O O-O-O 13. Bh5 Rhf8 14. Kb1
Kb8 15. Rhe1 Rc8 16. a3 Na5 17. Nd5 exd5 18. Qxa5 Qf2 19. Qd2 Qxd2 20. Rxd2
dxe4 21. Rxe4 Rce8 22. Rb4 d5 23. Rbd4 Bc6 24. Bf3 Bd6 25. g3 Bc7 26. Bxd5 Re1+
27. Ka2 Bb6 28. Rb4 Kc7 29. Bxc6 bxc6 30. Rc4 Rfe8 31. Rd5 R1e2 32. Rh5 Rh8 33.
Rh6 Re6 34. f5 Rd6 35. Rch4 1-0

[Event "BL 1516 (Women)"]
[Site "Germany"]
[Date "2016.03.20"]
[Round "11.1"]
[White "Gunina, Valentina"]
[Black "Kosteniuk, Alexandra"]
[Result "1/2-1/2"]
[WhiteElo "2529"]
[BlackElo "2530"]
[PlyCount "201"]
[EventDate "2015.09.26"]
[EventType "team-tourn"]
[EventRounds "11"]
[EventCountry "GER"]
[SourceTitle "EXT 2017"]
[Source "ChessBase"]
[SourceDate "2016.10.25"]
[SourceVersion "1"]
[SourceVersionDate "2016.10.25"]
[SourceQuality "1"]
[WhiteTeam "Bad Koenigshofen (W)"]
[BlackTeam "Baden-Baden (W)"]
[WhiteTeamCountry "GER"]
[BlackTeamCountry "GER"]

1. Nf3 Nf6 2. c4 e6 3. g3 d5 4. Bg2 dxc4 5. Qa4+ Nbd7 6. O-O Rb8 7. Qxc4 b5 8.
Qc2 Bb7 9. d3 Bc5 10. b3 Qe7 11. Bb2 O-O 12. Nbd2 Rfc8 13. Rac1 Ba3 14. Bxa3
Qxa3 15. Ng5 Nd5 16. Bxd5 exd5 17. d4 g6 18. Qd3 Qe7 19. Qe3 Qd6 20. Rfd1 b4
21. Qf3 Qe7 22. Qf4 f6 23. Ngf3 Qe6 24. Qh4 a5 25. Re1 Qf5 26. Nf1 Qe4 27. Qh3
Qe7 28. Ne3 c5 29. Qg4 c4 30. bxc4 dxc4 31. Rxc4 Rxc4 32. Nxc4 a4 33. Nfd2 Bd5
34. e4 f5 35. Qd1 fxe4 36. Qxa4 Ra8 37. Qb5 Nf6 38. Nb6 Qb7 39. Qxb4 Rxa2 40.
Nf1 Qf7 41. Qd6 Bb7 42. Qf4 Rb2 43. Nc4 Qxc4 44. Qxf6 Qc3 45. Rd1 Qf3 46. Qxf3
exf3 47. d5 Kf8 48. Ne3 Rb4 49. g4 Ke7 50. h4 Bc8 51. Kh2 Bxg4 52. d6+ Kd8 53.
Nd5 Ra4 54. Rb1 Bc8 55. d7 Ba6 56. Kg3 Rd4 57. Nf6 Ke7 58. Rb8 Be2 59. Re8+
Kxf6 60. d8=Q+ Rxd8 61. Rxd8 h6 62. Rd7 g5 63. h5 Bc4 64. Kxf3 Bf7 65. Rd6+ Kg7
66. Kg4 Bb3 67. Kf5 Bc2+ 68. Ke5 Bb1 69. Rd7+ Kg8 70. Rd2 Kg7 71. f3 Kf7 72.
Rb2 Bd3 73. Kd4 Bf5 74. Rb5 Bc2 75. Kc3 Ba4 76. Rc5 Kf6 77. Kd4 Be8 78. Ke4
Bxh5 79. f4 Bg6+ 80. f5 Be8 81. Rc8 Bf7 82. Rc6+ Kg7 83. Ke5 h5 84. Rc1 Bb3 85.
Rh1 Bf7 86. Rg1 g4 87. Kf4 Kf6 88. Rb1 Be8 89. Rb6+ Kf7 90. Rb8 Ke7 91. Kg5 g3
92. Rb7+ Kf8 93. Rb1 g2 94. Rg1 Bc6 95. Kh6 Kf7 96. Kg5 Bd5 97. Kh4 Kf6 98. Re1
Bf7 99. Rb1 Bd5 100. Rc1 Be4 101. Rg1 1/2-1/2

[Event "BEL-chT 1516"]
[Site "Belgium"]
[Date "2016.03.06"]
[Round "8.2"]
[White "Kosteniuk, Alexandra"]
[Black "Soors, Stef"]
[Result "1-0"]
[WhiteElo "2530"]
[BlackElo "2392"]
[PlyCount "83"]
[EventDate "2015.09.27"]
[EventType "team-tourn"]
[EventRounds "11"]
[EventCountry "BEL"]
[SourceTitle "EXT 2017"]
[Source "ChessBase"]
[SourceDate "2016.10.25"]
[SourceVersion "1"]
[SourceVersionDate "2016.10.25"]
[SourceQuality "1"]
[WhiteTeam "Fontaine"]
[BlackTeam "CRELEL"]
[WhiteTeamCountry "BEL"]
[BlackTeamCountry "BEL"]

1. e4 c6 2. Nc3 d5 3. Nf3 Bg4 4. Be2 Nf6 5. h3 Bxf3 6. Bxf3 e6 7. d4 dxe4 8.
Nxe4 Nbd7 9. Ng3 Bd6 10. O-O O-O 11. c4 Re8 12. Bg5 Qc7 13. Bh4 e5 14. Nf5 exd4
15. Qxd4 Bh2+ 16. Kh1 Be5 17. Qd2 Bf4 18. Qc2 g6 19. Nd4 g5 20. Bg3 Bxg3 21.
fxg3 Qxg3 22. Nf5 Qe5 23. Bh5 Ne4 24. Qb3 Ndc5 25. Qf3 Rad8 26. Kg1 Re6 27. b4
Nd3 28. Rad1 Rf6 29. Rxd3 Rxd3 30. Qxd3 Rxf5 31. Re1 Rf4 32. g3 Qb2 33. Rxe4
Qf2+ 34. Kh1 Rxe4 35. Qxe4 Qxg3 36. Qe8+ Kg7 37. Qxf7+ Kh6 38. Bg4 Qe1+ 39. Kg2
Qe4+ 40. Qf3 Qc2+ 41. Qe2 Qc1 42. Bf5 1-0

[Event "Monte Carlo FIDE GP (Women)"]
[Site "Monte Carlo"]
[Date "2015.10.04"]
[Round "2"]
[White "Stefanova, Antoaneta"]
[Black "Kosteniuk, Alexandra"]
[Result "1-0"]
[WhiteElo "2500"]
[BlackElo "2530"]
[Annotator "Mikhalchishin,A"]
[PlyCount "73"]
[EventDate "2015.10.03"]
[EventType "tourn"]
[EventRounds "11"]
[EventCountry "MNC"]
[EventCategory "11"]
[SourceTitle "CBM 169"]
[Source "ChessBase"]
[SourceDate "2015.11.10"]
[SourceVersion "1"]
[SourceVersionDate "2015.11.10"]
[SourceQuality "1"]
[WhiteClock "0:04:12"]
[BlackClock "0:01:04"]

1. Nf3 Nf6 2. g3 d5 3. Bg2 Bf5 4. O-O c6 5. d3 e6 6. Nh4 Bg4 7. h3 Bh5 8. Qe1
Be7 9. f4 $1 {In his book Garry Kasparov writes, that it was invented by the
great Leonid Stein. Recently this idea has been popularised by the young GM
Daniil Dubov.} ({The usual approach here is playable too:} 9. e4 O-O (9... Nfd7
10. Nf3 Bxf3 (10... O-O) 11. Bxf3 O-O 12. Bg2 dxe4 13. dxe4 c5 14. Be3 Nc6 15.
f4 $14 {Emmerich,D-Zude,A/Hofheim 1995}) 10. g4 Nfd7 {The standard manoeuvre.
Das Standardmanöver.} 11. Nf3 dxe4 12. dxe4 Bg6 13. Qe2 e5 14. Rd1 Qc7 15. Bg5
Nc5 16. Nc3 Ne6 17. Bxe7 Qxe7 18. Qe3 Nd7 $132 {Tregubov,P-Rapoport,I/St
Petersburg 1995}) 9... h6 (9... Na6 10. e4 (10. a3 Nc5 11. Kh1 (11. Nd2 O-O 12.
Ndf3 Bxf3 13. Nxf3 a5 14. e3 Qb6 15. g4 Rfe8 16. g5 Nfd7 17. h4 Bd6 18. Qf2 Re7
19. h5 f5 20. gxf6 Nxf6 21. Qh4 {Dubov,D (2614)-Aronian,L (2815)/Dubai 2014,
with attacking chances.}) 11... h6 12. e4 dxe4 13. dxe4 g5 14. e5 Nd5 15. g4
gxh4 16. gxh5 Rg8 17. Qe2 Qc7 18. b4 Nd7 19. c4 N5b6 20. Nc3 {Dubov,D (2638)
-Vallejo Pons,F (2706)/Khanty-Mansiysk 2013, with a serious space advantage.})
10... Nb4 (10... Nd7 11. exd5 {White is now seeking to make capital of the
delaying of Nfd7 by taking action in the centre. This makes the game extremely
double-edged. Weiß sucht jetzt mit einer Aktion im Zentrum Nutzen aus der
Verzögerung von Nfd7 zu ziehen. Damit wird das Spiel äußerst zweischneidig.}
({A quiter move was Ruhiger war} 11. Nf3) 11... cxd5 12. f5 {Logical after 111.
exd5 Konsequent nach 11.exd5.} O-O (12... Bxh4 {also leads to wild
complications. führt ebenfalls zu wilden Verwicklungen:} 13. fxe6 fxe6 (13...
Qb6+ 14. Be3 Qxe6 (14... Qxb2 15. exd7+ Kxd7 16. Qa5 $5 $44) 15. gxh4 O-O 16.
Bd4 {[%csl Gd4]}) 14. gxh4 (14. Qxe6+ $6 Be7 15. Qxd5 $13) 14... Qb6+ 15. Kh1
Nb4 16. Na3) 13. fxe6 Qb6+ 14. Be3 Qxe6 $2 {Black knuckles down and contents
himself with the worse position. Schwarz gibt klein bei und begnügt sich mit
der schlechteren Stellung.} ({The critical variation was Die kritische
Variante war} 14... Qxb2 $1 15. exd7 (15. Nf5 Bf6) (15. Nd2 $2 fxe6 16. Rb1
Qxc2 17. Rxb7 Nac5 $17) 15... Qxa1 16. Nf5 Bf6 17. Bxd5 $44 {with a very
difficult position: but at leat Black has an exchange to show in return for
his problems (the Qa1 is out of the play, the Pb7 is under pressure, the Pd7
is a powerhouse and a Pis lost in any case).  mit sehr schwieriger Stellung:
aber wenigstens hat Schwarz für seine Probleme (Qa1 ist außer Spiel, der Pb7
steht unter Druck, der Pd7 ist eine Macht und ein P ist sowieso schon weg)
eine Qualität vorzuweisen.}) 15. Nf5 Bf6 16. Nc3 Nb6 $2 ({There was the
relatively better Relativ besser war} 16... Nc7 17. Qf2) 17. Qf2 $16 {Karasev,
V (2347)-Tunik,G (2442)/St Petersburg 2000}) 11. Na3 a5 12. Nf3 dxe4 13. dxe4
Bg6 14. Nd2 h5 15. Kh1 Bh7 16. Ndc4 b5 17. Ne5 Qc7 18. c4 bxc4 19. Qe2 Na6 20.
Naxc4 {Platonov,I-Mikenas,V/Riga 1970/URS-ch (32), with the better position
for White.}) ({Actually Black could also immediately turn to Eigentlich konnte
Schwarz auch gleich zu} 9... Nfd7 {: greifen:} 10. Nf3 Qb6+ (10... Bxf3 11.
Bxf3 O-O (11... d4 12. c3 e5 13. fxe5 Nxe5 14. Bg2 O-O 15. Kh1 Ng6 16. Nd2 dxc3
17. bxc3 Nd7 18. Rb1 {Dubov,D (2624)-Riazantsev,A (2700)/Moscow 2013, The
bishop pair can become dangerous.}) 12. e4 Na6 (12... a5 13. Nd2 a4 14. a3 Na6
15. Bg2 Re8 16. Kh1 Bf8 17. Qe2 Nc7 18. Nf3 dxe4 19. dxe4 e5 {Bitensky,I (2384)
-Saric,I (2661)/Jerusalem ISR 2015, with a serious central struggle.}) 13. Qe2
dxe4 14. dxe4 e5 15. f5 Bg5 16. Bxg5 Qxg5 17. Kg2 Rfd8 18. Rd1 Nb6 19. Nd2 Rd6
20. h4 Qe7 21. a4 $16 {Petran,P-Schwalfenberg,J/Germany 1997/GER-chT2}) (10...
Bg6 11. e4 Qb6+ 12. Kh2 dxe4 13. dxe4 f6 14. Nc3 Bf7 15. a3 h6 16. Be3 Qc7 17.
Rd1 Nb6 18. e5 f5 19. Nd4 {Markowski,T (2605)-Yilmaz,T (2311)/Antalya 2004,
with better play.}) (10... h6 11. e4 Bg6 12. Nc3 O-O 13. g4 dxe4 14. dxe4 f5 $2
(14... Bc5+ 15. Kh2 Na6) 15. Be3 fxe4 16. Nd4 {Dubov,D (2659)-Palchun,G (2288)/
Sochi RUS 2015, Black is in trouble.}) 11. Kh1 Na6 12. Nbd2 O-O-O 13. a3 h6 14.
g4 Bg6 15. e4 Rde8 16. b4 f5 17. gxf5 exf5 18. e5 Nc7 19. c4 Ne6 $16 {Petran,
P-Ac,M/Trnava 1988}) (9... O-O 10. e4 Ne8 11. Nf3 Bxf3 12. Bxf3 dxe4 13. dxe4
e5 14. Nd2 Nd7 15. Nc4 Nd6 {Saric,I (2639)-Solak,D (2598)/Biel 2013, with
sharp play.}) 10. Kh1 ({A serious option here is} 10. e4 O-O 11. Be3 c5 12. Nd2
Nc6 13. Nhf3) 10... Nbd7 ({The central approach was better:} 10... c5 11. e4
Nc6) 11. e4 dxe4 $6 ({Very sharp play would follow} 11... O-O 12. Be3 Ne8 13.
Nd2 Bxh4 14. gxh4 Nd6 15. Qg3) 12. dxe4 g5 $6 {Very risky, more logical was} (
12... O-O 13. Be3 Re8 14. Nd2 a5 15. Qf2 e5) 13. fxg5 hxg5 14. Bxg5 Qc7 15. Nd2
O-O-O 16. Nc4 (16. a4 {was quite good:} Rhg8 17. Bf4 Bd6 18. a5) 16... Nxe4 $2
(16... Ne5 {led to very unclear play:} 17. Nxe5 Qxe5 18. Bf4 Qxb2 19. a4 Qb6
20. Be5 Rh6 $13) 17. Bf4 ({Of course, White didn't want a draw:} 17. Bxe7 Nxg3+
18. Kg1 Ne2+ 19. Kh1 Ng3+ $11) 17... Nd6 (17... e5 {did not help:} 18. Qxe4
Bxh4 19. Nxe5 Bg5 20. Nxc6 Bxf4 21. Nxd8 $18) 18. Nf5 $1 {This blow decides
the game!} exf5 19. Qxe7 Nxc4 {The queen has to be sacrificed for peanuts...}
20. Bxc7 Kxc7 21. Rae1 f6 22. Rxf5 Rde8 (22... Nd6 {would be slightly better:}
23. Rxh5 Rxh5 24. Rd1 Ne8 25. h4 $18) 23. Qb4 Nce5 24. Rf4 Bf7 25. Rd1 Be6 26.
Rh4 Rhg8 27. Kh2 Rg7 28. Rf4 {The position is easily won; it just needs some
time to convert it into the full point.} Kc8 29. Qd4 Reg8 30. g4 Rh7 31. Kg1
Ng6 32. Re4 Bd5 33. Qxa7 Bxe4 34. Bxe4 Kc7 35. Qa5+ Kc8 36. Qa8+ Nb8 37. Bf5+
1-0

[Event "EU-Cup (Women) 20th"]
[Site "Skopje"]
[Date "2015.10.21"]
[Round "4.2"]
[White "Kosteniuk, Alexandra"]
[Black "Ovod, Evgenija"]
[Result "1-0"]
[WhiteElo "2525"]
[BlackElo "2328"]
[Annotator "Schulz,Andre"]
[PlyCount "63"]
[EventDate "2015.10.18"]
[EventType "team-swiss"]
[EventRounds "7"]
[EventCountry "MKD"]
[SourceTitle "CBM 168 Extra"]
[Source "ChessBase"]
[SourceDate "2015.10.29"]
[SourceVersion "1"]
[SourceVersionDate "2015.10.29"]
[SourceQuality "1"]
[WhiteTeam "SHSM Legacy (W)"]
[BlackTeam "St Petersburg (W)"]
[WhiteTeamCountry "RUS"]
[BlackTeamCountry "RUS"]

1. c4 c5 2. Nf3 Nf6 3. Nc3 e6 4. d4 cxd4 5. Nxd4 a6 6. e4 Qc7 7. Be2 Be7 8. O-O
O-O 9. f4 d6 10. Be3 b6 11. Rc1 Bb7 12. Bf3 Nbd7 {[#] Die Position ist aus der
Englischen Eröffnung entstanden, erinnert aber natürlich stark an
Sizilianisch. Weiß geht nun schwungvoll zu Werke. Der schwächste Punkt im
schwarzen Lager ist e6.} 13. g4 h6 ({Besser ist} 13... Nc5 {Nach} 14. Qc2 h6
15. g5 hxg5 16. fxg5 Nh7 17. Qg2 Rac8 18. Be2 {hat Weiß aber auch das bessere
Spiel.}) 14. g5 hxg5 15. fxg5 Ne8 (15... Nh7 16. g6 $18) 16. Bg4 Ne5 17. g6 {
Entwurzelt den Bauern e6.} Bc8 (17... Nxg4 18. Qxg4 Nf6 19. Qh4 $16 {ändert
nicht viel.}) (17... Nxg6 {scheitert an} 18. Nxe6 fxe6 19. Bxe6+ Kh8 20. Qh5#)
18. gxf7+ Rxf7 19. Rxf7 Kxf7 {[#]} 20. Nxe6 {Die schwarze Position macht ihrer
Besitzerin keine Freude. Allerdings war sie noch nicht völlig verloren.} Qxc4
$2 {Jetzt ist sie völlig verloren.} (20... Qb7 21. Bh5+ Kg8 22. Nf4 Bg5 23. b3
{Weiß hat einen Bauern mehr, aber es geht weiter.}) 21. Nd5 Qd3 22. Bh5+ g6 {
[#]} 23. Bxg6+ Nxg6 (23... Kxg6 24. Nef4+) (23... Kg8 24. Nxe7+ Kh8 25. Qh5#)
24. Qxd3 Bxe6 25. Rf1+ Kg7 26. Bd4+ Kh7 27. Nxe7 Nxe7 28. e5+ Ng6 29. exd6 Nxd6
30. Rf6 Bf5 31. Rxf5 Nxf5 32. Qxf5 1-0